000 00619nam a2200217 a 4500
001 BRCA_798
005 20190320203144.0
008 060508s1985----sp-a---###---#000-0#spa-#
020 _a843457814X
041 _aspa
044 _asp
050 4 _aD16.8
_b.T86 1985
100 1 _aTuñón de Lara, Manuel
_92637
245 1 0 _aPor qué la historia
_cManuel Tuñón de Lara.
260 _aBarcelona
_bSalvat
_c1985
300 _a64 p.
_bil. (algunas a color)
_c19 cm.
440 0 _aColección Salvat Temas clave
_v13
_92655
504 _aBibliografía: p. 64.
650 1 4 _aFilosofía de la historia
_92656
942 _2lcc
_cB
999 _c694
_d694